Monetárna teória

Recenzia publikácie: Gonda, V.: Monetárna teória. J.M. Keynes versus M. Friedman (Bratislava, Elita 1995. 110 s.). Analýza protichodných názorov J.M. Keynesa a M. Friedmana. Kvantitatívna teória peňazí. Teória dopytu po peniazoch. Názory na úlohu a miesto peňazí a problém regulovania ekonomických pr...

ver descrição completa

Na minha lista:
Detalhes bibliográficos
Autor principal: Sobek, Otto
Formato: Capítulo de Livro
Idioma:eslovaco
Assuntos:
Tags: Adicionar Tag
Sem tags, seja o primeiro a adicionar uma tag!

MARC

LEADER 00000naa a2200000 4500
001 r021076
005 20221208113714.8
041 0 |a slo 
044 |a SK 
245 1 0 |a Monetárna teória  |c Otto Sobek 
520 |a Recenzia publikácie: Gonda, V.: Monetárna teória. J.M. Keynes versus M. Friedman (Bratislava, Elita 1995. 110 s.). Analýza protichodných názorov J.M. Keynesa a M. Friedmana. Kvantitatívna teória peňazí. Teória dopytu po peniazoch. Názory na úlohu a miesto peňazí a problém regulovania ekonomických procesov. 
610 2 0 |a recenzie 
610 2 0 |a teória peňažná 
610 2 0 |a Keynes, J.M. 
610 2 0 |a Friedman, M. 
610 2 0 |a peniaze 
610 2 0 |a dopyt 
610 2 0 |a regulácia hospodárska 
100 1 |a Sobek, Otto